Najmniejsze dzielnice Gdańska - Statystyki

Ogólne statystyki
  • Ten quiz został rozwiązany 6 razy
  • Średni wynik to 8 z 10
Statystyki odpowiedzi
Lp. Pow. w km2 Odpowiedź % Poprawnych
8 2,31 Aniołki
100%
2 1,11 Strzyża
100%
1 0,52 Wzgórze Mickiewicza
100%
5 2,08 Nowy Port
75%
10 2,58 Siedlce
75%
4 1,44 Suchanino
75%
9 2,33 Żabianka-Wejhera-Jelitkowo-Tysiąclecia
75%
7 2,27 Przymorze Małe
50%
3 1,22 Zaspa-Młyniec
50%
6 2,08 Zaspa-Rozstaje
50%
Nie znaleziono quizów pasujących do podanych kryteriów
Rozkład punktacji
Procent ludzi z każdym wynikiem
Percentyl według liczby udzielonych odpowiedzi
Twoja historia wyników
Nie rozwiązałeś tego quizu